000 00414nam a2200181Ia 4500
001 10595
005 20260306161843.0
008 260306t1989||||xx |||||||||||||| ||spa||
041 _aESP
082 _a943.07
_bC76
100 _aCombescot, Pierre
_eAUT
245 0 _aLuis II de Baviera
260 _c1989
300 _a323 páginas :
_c18 cm.
650 _aGEN
654 _aCHU
942 _cLIB
_dJUS
_fJUS
_2ddc
_n
999 _c10595
_d10595